00496 2200193 4500001002100000005001500021008004100036020001800077035001900095041000700114082001000121090001600131100002700147245004500174260002400219300001800243500001000261650003100271INLIS00000000000481520241224113001241224||||||||| | ||| |||| || |  a602-141-370-9 0010-1224004815 aid0 a793.4 a793.4 PUT k0 aSitiatava Rizema Putra00aKreasi Mainan Tradisional Anak Nusantara bnayra pustakac2013 a219hlm.;21 cm acet.2 0ailmu kesenian dan olahraga